| 000 | 00630nam a2200205 a 4500 | ||
|---|---|---|---|
| 005 | 20210223125205.0 | ||
| 008 | 031020s1976 es r 000 0 spa d | ||
| 020 | _a8472220109 | ||
| 035 | _aUPN01000130276 | ||
| 049 | _aCG | ||
| 050 | 4 |
_aLB1585 _bF7.38 1976 |
|
| 100 | 1 |
_aFreinet, Célestin, _d1896-1966 |
|
| 245 | 1 | 3 |
_aLa enseñanza de las ciencias / _bCélestin Freinet ; tr. Josep Colomó. |
| 250 | _a2a ed. | ||
| 260 |
_aBarcelona, Esp. : _bLaia, _c1976. |
||
| 300 |
_a156 p. : _bil. |
||
| 440 | 0 |
_aBiblioteca de la escuela moderna ; _v12 |
|
| 650 | 4 |
_aCIENCIA - _xESTUDIO Y ENSEÑANZA - _zFRANCIA _910102 |
|
| 905 | _aLibro | ||
| 999 |
_c102433 _d102433 |
||